[Event "4NCL/Div2/KHE vs. SWD1"]
[Site "West Bromwich ENG"]
[Date "2004.05.01"]
[Round "7.5"]
[White "Mackenzie, Colin"]
[Black "Morris, Charles F"]
[Result "0-1"]
[WhiteElo "2147"]
[BlackElo "2225"]
[PlyCount "68"]
[EventDate "2004.05.01"]

1. Nf3 d5 2. c4 c6 3. g3 Nf6 4. b3 Bg4 5. Bg2 Nbd7 6. Bb2 e6 7. O-O Bd6 8. d4
Qc7 9. Nc3 Rd8 10. Rc1 Qb8 11. Re1 O-O 12. c5 Bc7 13. b4 e5 14. dxe5 Nxe5 15.
Nxe5 Bxe5 16. Qc2 Qc8 17. Nxd5 Rxd5 18. Bxd5 Bxb2 19. Bxf7+ Rxf7 20. Qxb2 Qe6
21. Qd4 Rd7 22. Qf4 Bxe2 23. h3 Qxa2 24. Ra1 Qe6 25. Rxa7 Qxh3 26. Ra8+ Kf7 27.
f3 Kg6 28. Ra2 Rd4 29. Qe5 Bxf3 30. Rh2 Qd7 31. Rf2 Bg4 32. Qe3 Qd5 33. Rf4 Rd3
34. Qf2 Rd2 {time} 0-1

[Event "4NCL/Div2/KHE vs. SWD1"]
[Site "West Bromwich ENG"]
[Date "2004.05.01"]
[Round "7.6"]
[White "Zeidler, Sven P"]
[Black "Okike, David C"]
[Result "1/2-1/2"]
[WhiteElo "2233"]
[BlackElo "2172"]
[PlyCount "109"]
[EventDate "2004.05.01"]

1. e4 e6 2. d4 d5 3. exd5 exd5 4. Nf3 Bg4 5. h3 Bh5 6. Qe2+ Qe7 7. Be3 c6 8. g4
Bg6 9. Ne5 Nd7 10. Nc3 O-O-O 11. O-O-O Nxe5 12. dxe5 Kb8 13. f4 f5 14. Qf2 b5
15. Bd3 Nh6 16. g5 Nf7 17. Ne2 h6 18. Nd4 Qb7 19. Bxf5 Bxf5 20. Nxf5 hxg5 21.
e6 Nd6 22. fxg5 Ne4 23. Qf4+ Kc8 24. Qe5 Re8 25. h4 Qc7 26. Qxc7+ Kxc7 27. e7
Bxe7 28. Nxg7 Reg8 29. Nf5 Bd6 30. Rdg1 Rh5 31. Nxd6 Kxd6 32. Bxa7 Ra8 33. g6
Rxa7 34. g7 Nf6 35. Rg6 Kc5 36. Rxf6 Rxg7 37. Rf2 Rg4 38. Rfh2 Ra4 39. c3 Re4
40. Kd2 Kd6 41. Rh3 Kd7 42. b4 Kd6 43. Kc2 Kc7 44. Kb3 Kb6 45. R1h2 Rf4 46. Rh1
Re4 47. a4 bxa4+ 48. Kxa4 Rc4 49. Kb3 Re4 50. R3h2 Rc4 51. Kc2 Rf4 52. Kd3 Re4
53. Kc2 Kb5 54. Kd3 Kb6 55. Rh3 1/2-1/2

[Event "4NCL/Div2/KHE vs. SWD1"]
[Site "West Bromwich ENG"]
[Date "2004.05.01"]
[Round "7.7"]
[White "Wittmann, Jochen"]
[Black "Trevelyan, John"]
[Result "1-0"]
[WhiteElo "2080"]
[BlackElo "2145"]
[PlyCount "147"]
[EventDate "2004.05.01"]

1. e4 d6 2. Bc4 Nf6 3. Nc3 c6 4. Bb3 Nbd7 5. d4 e5 6. Be3 Qa5 7. f3 exd4 8.
Qxd4 Nc5 9. Rd1 Nxb3 10. axb3 Be7 11. Nge2 O-O 12. O-O Ne8 13. Ra1 Qd8 14. Rxa7
Rxa7 15. Qxa7 f5 16. exf5 Rxf5 17. Bb6 Qd7 18. Ng3 Rf8 19. Nce4 Bh4 20. Bf2 d5
21. Nc5 Qc7 22. Re1 b6 23. Qxc7 Nxc7 24. Na4 b5 25. Nc5 Re8 26. Rxe8+ Nxe8 27.
Ne2 Be7 28. b4 Bxc5 29. bxc5 Nc7 30. f4 g6 31. Nd4 Bd7 32. g3 Ne6 33. Nf3 Be8
34. Be3 Kf7 35. c3 h5 36. h3 Nd8 37. Kf2 Ke6 38. g4 hxg4 39. hxg4 Nf7 40. Nd4+
Kf6 41. Kf3 Bd7 42. Kg3 Nd8 43. Nf3 Nf7 44. Bd4+ Ke7 45. Bg7 Nd8 46. Bd4 Be8
47. f5 gxf5 48. gxf5 Nf7 49. Bg7 Bd7 50. Kg4 Bc8 51. Nd4 Bd7 52. Kh5 Be8 53.
Kg4 Bd7 54. Kf4 Ke8 55. Bf6 Kf8 56. Bh4 Kg7 57. Be7 Be8 58. Ne6+ Kg8 59. Nf8
Nh6 60. Kg5 Nf7+ 61. Kf6 Nh6 62. Ke6 Bf7+ 63. Ke5 Be8 64. f6 Ng4+ 65. Ke6 b4
66. Nd7 b3 67. Bd6 Nf2 68. Ke7 Bh5 69. Ne5 Nd1 70. Nxc6 Nxc3 71. Nd4 Na4 72. c6
Nb6 73. Be5 Nc8+ 74. Kd8 1-0

[Event "4NCL/Div2/KHE vs. SWD1"]
[Site "West Bromwich ENG"]
[Date "2004.05.01"]
[Round "7.8"]
[White "Cast, Abigail"]
[Black "Connolly, Suzanne"]
[Result "1-0"]
[WhiteElo "2094"]
[BlackElo "2072"]
[PlyCount "38"]
[EventDate "2004.05.01"]

1. d4 d5 2. c4 c6 3. Nc3 dxc4 4. e4 Nf6 5. e5 Nd5 6. Bxc4 e6 7. Nge2 Be7 8. O-O
O-O 9. Kh1 b6 10. f4 g6 11. g4 Re8 12. Bxd5 exd5 13. f5 Na6 14. Qd3 Bf8 15. Ng3
Nc7 16. Qf3 Qe7 17. Be3 Ba6 18. Rg1 Rad8 19. Nh5 Qh4 1-0

[Event "4NCL/Div2/BRI1 vs. MMNWE2"]
[Site "West Bromwich ENG"]
[Date "2004.05.01"]
[Round "7.1"]
[White "Cobb, Charles"]
[Black "Lund, D Brett"]
[Result "1-0"]
[WhiteElo "2406"]
[BlackElo "2231"]
[PlyCount "74"]
[EventDate "2004.05.01"]

1. c4 e5 2. Nc3 Nc6 3. e3 g6 4. d4 d6 5. Nf3 Bg7 6. dxe5 dxe5 7. Qxd8+ Nxd8 8.
Nb5 Ne6 9. Ng5 Nxg5 10. Nxc7+ Kd8 11. Nxa8 Ne7 12. Bd2 Nc6 13. b4 e4 14. O-O-O
Bd7 15. b5 Ne5 16. b6 Ke7 17. Bb4+ Kf6 18. Nc7 axb6 19. Nd5+ Kf5 20. Nxb6 Bc6
21. Be2 h5 22. Rd2 h4 23. h3 Ne6 24. Rhd1 g5 25. Nd5 Ba4 26. Rf1 Nc6 27. Bg4+
Kg6 28. Bxe6 fxe6 29. Ne7+ Nxe7 30. Bxe7 Rc8 31. c5 Bc3 32. Rd8 Rc7 33. Bd6 Rf7
34. f4 Bb5 35. Rf2 Bd3 36. Rg8+ Kh7 37. Rxg5 Rd7 {time} 1-0

[Event "4NCL/Div2/BRI1 vs. MMNWE2"]
[Site "West Bromwich ENG"]
[Date "2004.05.01"]
[Round "7.2"]
[White "Richards, Heather"]
[Black "Beaumont, Chris"]
[Result "1-0"]
[WhiteElo "2211"]
[BlackElo "2336"]
[PlyCount "59"]
[EventDate "2004.05.01"]

1. e4 d6 2. d4 Nf6 3. Nc3 g6 4. Be3 c6 5. Qd2 b5 6. Bd3 Nbd7 7. Nf3 e5 8. dxe5
dxe5 9. O-O Ng4 10. Bg5 Be7 11. a4 b4 12. Ne2 O-O 13. h3 Ngf6 14. Ng3 Qa5 15.
Bh6 Re8 16. Nf5 Bf8 17. Qg5 Nh5 18. Bc4 Bc5 19. N3h4 Nf4 20. Rad1 Ne6 21. Bxe6
Rxe6 22. Ng7 Be7 23. Qg3 Rf6 24. Nh5 Re6 25. Nf5 Bf8 26. Bxf8 Nxf8 27. Nh6+ Kh8
28. Nxf7+ Kg8 29. Nh6+ Kh8 30. Qf3 1-0

[Event "4NCL/Div2/BRI1 vs. MMNWE2"]
[Site "West Bromwich ENG"]
[Date "2004.05.01"]
[Round "7.3"]
[White "Sherwin, James T"]
[Black "Hague, Ben"]
[Result "0-1"]
[WhiteElo "2309"]
[BlackElo "2227"]
[PlyCount "48"]
[EventDate "2004.05.01"]

1. Nf3 d6 2. d4 f5 3. c4 Nf6 4. g3 g6 5. Bg2 Bg7 6. O-O O-O 7. Nc3 Nc6 8. d5
Ne5 9. Nxe5 dxe5 10. Qb3 Kh8 11. c5 h6 12. a4 g5 13. Bd2 a6 14. Rad1 Qe8 15.
Qb4 f4 16. Qa5 Qh5 17. f3 g4 18. gxf4 gxf3 19. exf3 Bh3 20. fxe5 Bxg2 21. exf6
Rxf6 22. Kxg2 Rg6+ 23. Kh1 Be5 24. Rf2 Bxh2 0-1

[Event "4NCL/Div2/BRI1 vs. MMNWE2"]
[Site "West Bromwich ENG"]
[Date "2004.05.01"]
[Round "7.4"]
[White "Charleshouse, Glenn L"]
[Black "Rudd, Jack"]
[Result "0-1"]
[WhiteElo "2240"]
[BlackElo "2253"]
[PlyCount "110"]
[EventDate "2004.05.01"]

1. e4 e5 2. Nf3 Nc6 3. Bb5 a6 4. Bxc6 dxc6 5. O-O f6 6. d4 exd4 7. Nxd4 c5 8.
Ne2 Be6 9. Nbc3 Ne7 10. Bf4 c6 11. Qxd8+ Rxd8 12. Rfd1 Rxd1+ 13. Rxd1 Ng6 14.
Bc7 Be7 15. f4 Bf7 16. Kf2 Nf8 17. Kf3 b5 18. a3 Ne6 19. Bd6 Nd8 20. Bxe7 Kxe7
21. Rd2 g6 22. Nd1 Nb7 23. Ne3 Nd6 24. e5 fxe5 25. fxe5 Nc4 26. Nxc4 Bxc4 27.
Nf4 Rf8 28. h4 Bd5+ 29. Kg3 Be4 30. Re2 Bf5 31. Rd2 c4 32. c3 Be4 33. Rd4 Bf5
34. Kf3 h6 35. g4 Bc2 36. Ke3 g5 37. hxg5 hxg5 38. Nh3 Ke6 39. Rd6+ Kxe5 40.
Rxc6 Be4 41. Rc5+ Bd5 42. Nxg5 Kd6 43. Rxd5+ Kxd5 44. Nf3 Re8+ 45. Kd2 Ke4 46.
Nd4 Kf4 47. a4 bxa4 48. Nc2 a5 49. Nd4 Kxg4 50. Nc6 Rc8 51. Nd4 Kf4 52. Ne2+
Ke4 53. Nc1 Rb8 54. Kc2 Ke3 55. Na2 Rh8 0-1

[Event "4NCL/Div2/BRI1 vs. MMNWE2"]
[Site "West Bromwich ENG"]
[Date "2004.05.01"]
[Round "7.5"]
[White "Collier, David O"]
[Black "Hulmes, David I"]
[Result "1/2-1/2"]
[WhiteElo "2225"]
[BlackElo "2170"]
[PlyCount "67"]
[EventDate "2004.05.01"]

1. d4 d5 2. c4 e6 3. Nc3 Nf6 4. Bg5 Be7 5. e3 h6 6. Bxf6 Bxf6 7. cxd5 exd5 8.
Bd3 O-O 9. Qf3 c6 10. Nge2 Re8 11. O-O Be6 12. Rfd1 Nd7 13. Nf4 Nf8 14. Nh5 Bh4
15. e4 dxe4 16. Bxe4 Qg5 17. h3 Rad8 18. Kh2 Bxf2 19. Nxg7 Bg3+ 20. Qxg3 Qxg3+
21. Kxg3 Kxg7 22. d5 cxd5 23. Nxd5 Rd7 24. Nf4 Rxd1 25. Nh5+ Kh8 26. Rxd1 Bxa2
27. Bxb7 Rb8 28. Ra1 Rxb7 29. Rxa2 Ne6 30. Nf6 Nc5 31. Ra5 Nd3 32. b3 Rxb3 33.
Rxa7 Kg7 34. Nh5+ 1/2-1/2

[Event "4NCL/Div2/BRI1 vs. MMNWE2"]
[Site "West Bromwich ENG"]
[Date "2004.05.01"]
[Round "7.6"]
[White "Milligan, Helen"]
[Black "Buckley, David E"]
[Result "0-1"]
[WhiteElo "2086"]
[BlackElo "2203"]
[PlyCount "58"]
[EventDate "2004.05.01"]

1. e4 g6 2. d4 Bg7 3. Nf3 d6 4. Be2 Nf6 5. Nc3 O-O 6. O-O c6 7. a4 Nbd7 8. h3
Qc7 9. Be3 b6 10. Qd2 Bb7 11. Nh2 a6 12. f4 c5 13. Bf3 cxd4 14. Bxd4 e5 15. Be3
exf4 16. Bxf4 Ne5 17. Bxe5 dxe5 18. Rfd1 Rfd8 19. Qe1 b5 20. axb5 axb5 21. Rxa8
Rxa8 22. Ng4 Nxg4 23. Bxg4 b4 24. Nd5 Qxc2 25. Qxb4 Bxd5 26. exd5 f5 27. Rd2
Qc1+ 28. Bd1 Bh6 29. Qb7 Rf8 0-1

[Event "4NCL/Div2/BRI1 vs. MMNWE2"]
[Site "West Bromwich ENG"]
[Date "2004.05.01"]
[Round "7.7"]
[White "Helbig, Paul D"]
[Black "Savory, Richard J"]
[Result "1/2-1/2"]
[WhiteElo "2195"]
[BlackElo "2096"]
[PlyCount "80"]
[EventDate "2004.05.01"]

1. e4 c5 2. Nc3 Nc6 3. g3 g6 4. Bg2 Bg7 5. d3 d6 6. f4 e6 7. Nf3 Nge7 8. O-O
O-O 9. Be3 Nd4 10. e5 Bd7 11. Ne4 Nef5 12. Bf2 Nxf3+ 13. Qxf3 Bc6 14. c3 Rc8
15. Qe2 dxe5 16. fxe5 Bxe5 17. Nxc5 Bxg2 18. Kxg2 Qd5+ 19. Ne4 Nd6 20. Kg1 Nxe4
21. Qxe4 Qxe4 22. dxe4 b6 23. Rfd1 Rfd8 24. Kg2 Kf8 25. Kf3 h5 26. h3 Ke7 27.
g4 hxg4+ 28. hxg4 Rxd1 29. Rxd1 Rd8 30. Bh4+ f6 31. Rxd8 Kxd8 32. a4 a6 33. Ke2
b5 34. axb5 axb5 35. Kd3 Kd7 36. b4 Kc6 37. c4 f5 38. gxf5 exf5 39. exf5 bxc4+
40. Kxc4 gxf5 1/2-1/2

[Event "4NCL/Div2/BRI1 vs. MMNWE2"]
[Site "West Bromwich ENG"]
[Date "2004.05.01"]
[Round "7.8"]
[White "Addis, Mark"]
[Black "Ashby, Ann-Marie"]
[Result "0-1"]
[WhiteElo "1840"]
[BlackElo "2082"]
[PlyCount "72"]
[EventDate "2004.05.01"]

1. d4 f5 2. c4 Nf6 3. Nc3 e6 4. Bg5 Bb4 5. e3 O-O 6. Bd3 d5 7. Nge2 c6 8. Qc2
Qe8 9. f3 Na6 10. a3 Bd6 11. c5 Bc7 12. Bxa6 bxa6 13. Bxf6 Rxf6 14. f4 a5 15.
Ng1 Ba6 16. Nf3 Rb8 17. b3 h6 18. Kf2 Qh5 19. Rab1 g5 20. g3 Rg6 21. b4 gxf4
22. exf4 Qg4 23. Rhg1 Kh7 24. Nd1 Rgg8 25. Ne3 Qg6 26. bxa5 Rb5 27. Rxb5 Bxb5
28. Qc3 Qf6 29. Nd2 Bxf4 30. Nf3 Bc7 31. Qd2 Qd8 32. g4 f4 33. Ng2 Rf8 34. h4
Bxa5 35. Qc2+ Kh8 36. g5 Rf5 {time} 0-1

[Event "4NCL/Div2/BAR3 vs. 3CS2"]
[Site "West Bromwich ENG"]
[Date "2004.05.01"]
[Round "7.1"]
[White "Coleman, David"]
[Black "James, Dale R"]
[Result "1/2-1/2"]
[WhiteElo "2240"]
[BlackElo "2200"]
[PlyCount "48"]
[EventDate "2004.05.01"]

1. e4 c5 2. Nf3 Nc6 3. d4 cxd4 4. Nxd4 g6 5. Nc3 Bg7 6. Be3 Nf6 7. Bc4 Ne5 8.
Be2 d5 9. exd5 Nxd5 10. Bb5+ Kf8 11. Nb3 Be6 12. Nxd5 Qxd5 13. Qxd5 Bxd5 14.
Bf1 Nc4 15. Bxc4 Bxc4 16. O-O-O b6 17. Rhe1 Ke8 18. Nd4 Rc8 19. b3 Ba6 20. Bg5
Rc7 21. Bf4 Rc8 22. Bg5 Rc7 23. Bf4 Rc8 24. Bg5 Rc7 1/2-1/2

[Event "4NCL/Div2/BAR3 vs. 3CS2"]
[Site "West Bromwich ENG"]
[Date "2004.05.01"]
[Round "7.2"]
[White "Adams, Phil"]
[Black "Twyble, Michael S"]
[Result "1/2-1/2"]
[WhiteElo "2077"]
[BlackElo "2245"]
[PlyCount "36"]
[EventDate "2004.05.01"]

1. e4 Nf6 2. e5 Nd5 3. d4 d6 4. c4 Nb6 5. exd6 cxd6 6. Nc3 g6 7. Be3 Bg7 8. Rc1
O-O 9. b3 Bd7 10. Nf3 e5 11. dxe5 dxe5 12. c5 Nc8 13. Bc4 Nc6 14. Bg5 N8e7 15.
Qd2 Kh8 16. Rd1 Qa5 17. Ne4 Qxd2+ 18. Rxd2 Bg4 1/2-1/2

[Event "4NCL/Div2/BAR3 vs. 3CS2"]
[Site "West Bromwich ENG"]
[Date "2004.05.01"]
[Round "7.3"]
[White "Taylor, Peter"]
[Black "Walton, Alan J"]
[Result "1/2-1/2"]
[WhiteElo "2270"]
[BlackElo "2126"]
[PlyCount "48"]
[EventDate "2004.05.01"]

1. Nf3 f5 2. d3 d6 3. e4 e5 4. Nc3 Nf6 5. exf5 Bxf5 6. d4 e4 7. Nh4 Qd7 8. Nxf5
Qxf5 9. Be2 d5 10. O-O Bd6 11. Nb5 Qd7 12. Nxd6+ Qxd6 13. f3 O-O 14. fxe4 Nxe4
15. Rxf8+ Qxf8 16. Bf3 Nf6 17. c4 c6 18. Qb3 Qf7 19. c5 Na6 20. Be3 Re8 21. Re1
Ne4 22. Bf2 Rf8 23. Be3 Re8 24. Bf2 Rf8 1/2-1/2

[Event "4NCL/Div2/BAR3 vs. 3CS2"]
[Site "West Bromwich ENG"]
[Date "2004.05.01"]
[Round "7.4"]
[White "Plant, Paul"]
[Black "Mack, Andrew"]
[Result "1/2-1/2"]
[WhiteElo "2097"]
[BlackElo "2262"]
[PlyCount "32"]
[EventDate "2004.05.01"]

1. d4 Nf6 2. c4 g6 3. Nf3 Bg7 4. g3 O-O 5. Bg2 d6 6. O-O Nbd7 7. Qc2 e5 8. Rd1
exd4 9. Nxd4 Re8 10. Nc3 a6 11. b3 Rb8 12. Bb2 Nc5 13. b4 Ne6 14. Nxe6 Bxe6 15.
c5 d5 16. e3 c6 1/2-1/2

[Event "4NCL/Div2/BAR3 vs. 3CS2"]
[Site "West Bromwich ENG"]
[Date "2004.05.01"]
[Round "7.5"]
[White "Rich, Mark"]
[Black "Kosteniuk, Oxana"]
[Result "1/2-1/2"]
[WhiteElo "2198"]
[BlackElo "2113"]
[PlyCount "90"]
[EventDate "2004.05.01"]

1. e4 c5 2. Nc3 Nc6 3. f4 e6 4. Nf3 d5 5. Bb5 Nge7 6. exd5 exd5 7. Qe2 Qd6 8.
Bxc6+ Qxc6 9. d4 c4 10. O-O Bg4 11. h3 Bxf3 12. Rxf3 O-O-O 13. f5 Qf6 14. Qf2
Nc6 15. Ne2 Bd6 16. c3 Bc7 17. b4 a6 18. a4 b5 19. g4 h6 20. Bf4 Bxf4 21. Nxf4
Rhe8 22. axb5 axb5 23. Qa2 Nb8 24. Qa7 Qe7 25. Qxe7 Rxe7 26. Ra5 Rb7 27. Re3
Nc6 28. Ra6 Kc7 29. Nh5 Rg8 30. f6 g6 31. Nf4 Rd8 32. h4 Rbb8 33. Kf2 Kb7 34.
Ra1 Rd6 35. g5 h5 36. Ne2 Rdd8 37. Nf4 Rd6 38. Re2 Rdd8 39. Rea2 Kc7 40. Ra6
Rb7 41. Ra8 Rbb8 42. Rxb8 Kxb8 43. Ra6 Kb7 44. Ra2 Kc7 45. Kf3 Kb7 1/2-1/2

[Event "4NCL/Div2/BAR3 vs. 3CS2"]
[Site "West Bromwich ENG"]
[Date "2004.05.01"]
[Round "7.6"]
[White "Whitworth, Philip"]
[Black "Rose, Matthew"]
[Result "0-1"]
[WhiteElo "2024"]
[BlackElo "2223"]
[PlyCount "60"]
[EventDate "2004.05.01"]

1. e4 c5 2. Nc3 Nc6 3. g3 g6 4. Bg2 Bg7 5. d3 d6 6. Be3 Rb8 7. a4 e6 8. Qd2 a6
9. Nge2 Nd4 10. O-O b5 11. axb5 axb5 12. Bxd4 cxd4 13. Na2 Ne7 14. Nb4 Qb6 15.
f4 O-O 16. g4 f5 17. exf5 gxf5 18. g5 Bb7 19. Bxb7 Qxb7 20. Ng3 Ng6 21. Qg2
Qxg2+ 22. Kxg2 Ra8 23. Nh5 h6 24. Nxg7 Kxg7 25. Rxa8 Rxa8 26. Nc6 e5 27. fxe5
dxe5 28. gxh6+ Kxh6 29. Rxf5 Nh4+ 30. Kf2 Nxf5 0-1

[Event "4NCL/Div2/BAR3 vs. 3CS2"]
[Site "West Bromwich ENG"]
[Date "2004.05.01"]
[Round "7.7"]
[White "Flower, David"]
[Black "Martin, Katie"]
[Result "1/2-1/2"]
[WhiteElo "2125"]
[BlackElo "1993"]
[PlyCount "49"]
[EventDate "2004.05.01"]

1. e4 e5 2. Bc4 Nf6 3. d3 Nc6 4. Nc3 Bb4 5. Nge2 d5 6. exd5 Nxd5 7. O-O Nxc3 8.
bxc3 Bd6 9. Ng3 O-O 10. Ne4 Na5 11. Nxd6 Qxd6 12. Bb3 Nxb3 13. axb3 Qg6 14. Qf3
Bd7 15. Qe3 Rfe8 16. Qg3 Qxg3 17. hxg3 a6 18. Re1 f6 19. f3 Rad8 20. Kf2 Kf7
21. Bb2 Bc8 22. Ra4 b6 23. Rh4 h6 24. Rc4 c5 25. Rce4 1/2-1/2

[Event "4NCL/Div2/BAR3 vs. 3CS2"]
[Site "West Bromwich ENG"]
[Date "2004.05.01"]
[Round "7.8"]
[White "Wright, Jason"]
[Black "Smith, Lucy"]
[Result "1-0"]
[WhiteElo "1520"]
[BlackElo "1624"]
[PlyCount "67"]
[EventDate "2004.05.01"]

1. e4 c5 2. Nf3 d6 3. d4 cxd4 4. Nxd4 a6 5. Nc3 Nf6 6. Rg1 Nc6 7. g4 Nxd4 8.
Qxd4 Bxg4 9. Rxg4 Nxg4 10. Qa4+ Qd7 11. Bb5 axb5 12. Qxa8+ Qd8 13. Qxb7 Qd7 14.
Qb8+ Qd8 15. Qxb5+ Qd7 16. Qb8+ Qd8 17. Qxd8+ Kxd8 18. f3 Ne5 19. Ke2 Kc7 20.
a4 e6 21. a5 Be7 22. b4 Ra8 23. b5 Nc4 24. a6 Bf6 25. Bd2 Nxd2 26. Kxd2 Kb6 27.
Rb1 Bxc3+ 28. Kxc3 Rc8+ 29. Kd3 Rc5 30. c4 g6 31. Ra1 Rc8 32. a7 Ra8 33. Ra6+
Kc7 34. f4 1-0

[Event "4NCL/Div2/WES1 vs. PPA1"]
[Site "West Bromwich ENG"]
[Date "2004.05.01"]
[Round "7.1"]
[White "Simons, Martin J"]
[Black "Swanson, Stephen"]
[Result "1/2-1/2"]
[WhiteElo "2285"]
[BlackElo "2283"]
[PlyCount "62"]
[EventDate "2004.05.01"]

1. e4 g6 2. d4 Bg7 3. Nc3 d6 4. Be3 a6 5. Qd2 Nd7 6. Nf3 b5 7. Bd3 Bb7 8. a4 b4
9. Ne2 a5 10. c3 Ngf6 11. Ng3 bxc3 12. bxc3 O-O 13. Bh6 e5 14. O-O d5 15. Bxg7
Kxg7 16. exd5 exd4 17. c4 c5 18. dxc6 Bxc6 19. Nxd4 Rc8 20. Nxc6 Rxc6 21. Be2
Qc7 22. Rfc1 Re8 23. Rab1 h5 24. h4 Rd6 25. Qc3 Rde6 26. Bf3 Qf4 27. c5 Ne5 28.
c6 Rc8 29. c7 Re7 30. Qxa5 Rexc7 31. Rxc7 Rxc7 1/2-1/2

[Event "4NCL/Div2/WES1 vs. PPA1"]
[Site "West Bromwich ENG"]
[Date "2004.05.01"]
[Round "7.2"]
[White "Posazhennikov, Alex"]
[Black "Webb, Richard M"]
[Result "0-1"]
[WhiteElo "2253"]
[BlackElo "2348"]
[PlyCount "108"]
[EventDate "2004.05.01"]

1. d4 Nf6 2. Nc3 d5 3. Bg5 Nbd7 4. f3 c6 5. e4 dxe4 6. fxe4 e5 7. dxe5 Qa5 8.
Bxf6 gxf6 9. exf6 Nxf6 10. Qd4 Bg7 11. Bd3 Nh5 12. e5 Bxe5 13. Qe3 Be6 14. Nge2
O-O-O 15. O-O-O Nf6 16. a3 Kb8 17. h3 h5 18. Be4 Bc4 19. Bd3 Be6 20. Be4 Rxd1+
21. Rxd1 Re8 22. Qd3 Qb6 23. Na4 Qb5 24. Nac3 Qxd3 25. cxd3 Nxe4 26. Nxe4 Rg8
27. g3 Bxh3 28. d4 Bg7 29. Nf4 Bg4 30. Rd2 Rd8 31. d5 cxd5 32. Rxd5 Rc8+ 33.
Rc5 Rxc5+ 34. Nxc5 Bh6 35. Ncd3 Bg5 36. Kc2 h4 37. gxh4 Bxh4 38. Kc3 Kc8 39.
Kc4 Bf6 40. b4 Bf5 41. Nc5 b6 42. Ncd3 Bg5 43. a4 Kc7 44. Kd5 Bg4 45. a5 Bf3+
46. Kc4 bxa5 47. bxa5 Kd6 48. Kd4 Bc6 49. Kc4 a6 50. Kd4 Bd8 51. Nc5 Bxa5 52.
Nxa6 Bb7 53. Nc5 Bb6 54. Nfd3 Bd5 0-1

[Event "4NCL/Div2/WES1 vs. PPA1"]
[Site "West Bromwich ENG"]
[Date "2004.05.01"]
[Round "7.3"]
[White "Corkett, Anthony R"]
[Black "Harley, Andrew"]
[Result "1-0"]
[WhiteElo "2314"]
[BlackElo "2238"]
[PlyCount "59"]
[EventDate "2004.05.01"]

1. e4 e6 2. d4 d5 3. Nc3 Bb4 4. e5 c5 5. Nf3 Ne7 6. dxc5 Nbc6 7. Bd3 d4 8. a3
Ba5 9. b4 Nxb4 10. axb4 Bxb4 11. O-O Bxc3 12. Rb1 h6 13. Nd2 Bxd2 14. Bxd2 Bd7
15. Rxb7 Bc6 16. Rb1 Qd5 17. Qg4 g5 18. f3 Qxc5 19. Kh1 Qxe5 20. Rfe1 Qd5 21.
Rb4 e5 22. Bc4 Qd6 23. Rbb1 f5 24. Bb4 Qf6 25. Bxe7 Kxe7 26. Qxd4 e4 27. Qc5+
Ke8 28. fxe4 Bxe4 29. Rb7 a6 30. Bb3 1-0

[Event "4NCL/Div2/WES1 vs. PPA1"]
[Site "West Bromwich ENG"]
[Date "2004.05.01"]
[Round "7.4"]
[White "Moore, Gerald"]
[Black "Allicock, Rawle A"]
[Result "1/2-1/2"]
[WhiteElo "2225"]
[BlackElo "2279"]
[PlyCount "120"]
[EventDate "2004.05.01"]

1. Nf3 c5 2. c4 e6 3. g3 b6 4. Bg2 Bb7 5. Nc3 f5 6. O-O Nf6 7. d3 Qc8 8. Re1
Nc6 9. e4 fxe4 10. dxe4 e5 11. Bg5 Be7 12. Bxf6 Bxf6 13. Nb5 Qb8 14. Nd6+ Ke7
15. Nf5+ Kd8 16. Qd5 Nd4 17. Qf7 Kc7 18. N3xd4 cxd4 19. Nxg7 Bxg7 20. Qxg7 Qe8
21. Rac1 Qe6 22. Qg5 h5 23. c5 b5 24. Qd2 a5 25. a3 h4 26. Bf1 Bc6 27. Rc2 Qg6
28. Bd3 hxg3 29. fxg3 Rh4 30. Qe2 Rah8 31. Qf3 Rf4 32. Qg2 Rf6 33. Rf2 Rhf8 34.
Rxf6 Qxf6 35. Rf1 Qe7 36. Rxf8 Qxf8 37. b4 Qh6 38. Qf3 Qc1+ 39. Kg2 Qxa3 40.
bxa5 Qxa5 41. h4 Qd2+ 42. Kh3 b4 43. h5 b3 44. Ba6 Qa2 45. Bc4 Qb1 46. Qxb3
Qxb3 47. Bxb3 Bxe4 48. g4 Kc6 49. g5 Kxc5 50. g6 d5 51. Kg4 Kd6 52. Kg5 Ke7 53.
Kh6 Kf6 54. g7 Kf7 55. Kg5 Kxg7 56. h6+ Kh7 57. Kf6 d3 58. Kxe5 Kxh6 59. Kd4
Kg5 60. Bxd5 d2 1/2-1/2

[Event "4NCL/Div2/WES1 vs. PPA1"]
[Site "West Bromwich ENG"]
[Date "2004.05.01"]
[Round "7.5"]
[White "Upton, Ian J"]
[Black "Byway, Paul"]
[Result "1/2-1/2"]
[WhiteElo "2224"]
[BlackElo "2213"]
[PlyCount "47"]
[EventDate "2004.05.01"]

1. d4 Nf6 2. c4 e6 3. Nc3 d5 4. cxd5 exd5 5. Bg5 Bb4 6. e3 Nbd7 7. Bd3 c5 8.
Nge2 h6 9. Bh4 c4 10. Bc2 O-O 11. f3 Re8 12. Bf2 b5 13. O-O a6 14. a4 Bxc3 15.
bxc3 Bb7 16. Qb1 Bc6 17. axb5 axb5 18. Qb4 Qb6 19. Ng3 g6 20. h3 Kg7 21. Rfe1
Qb7 22. Nf1 Rxa1 23. Rxa1 Ra8 24. Ra5 1/2-1/2

[Event "4NCL/Div2/WES1 vs. PPA1"]
[Site "West Bromwich ENG"]
[Date "2004.05.01"]
[Round "7.6"]
[White "Morgan, Ben"]
[Black "Yeo, Michael J"]
[Result "1/2-1/2"]
[WhiteElo "2204"]
[BlackElo "2244"]
[PlyCount "56"]
[EventDate "2004.05.01"]

1. d4 d5 2. c4 Nc6 3. cxd5 Qxd5 4. e3 e5 5. Nc3 Bb4 6. Bd2 Bxc3 7. Bxc3 exd4 8.
Ne2 Bg4 9. f3 O-O-O 10. Nxd4 Nf6 11. Qa4 Qe5 12. Nc2 Qd6 13. Bb5 Bf5 14. Bxc6
Bxc2 15. Bxb7+ Kxb7 16. Qxc2 Rhe8 17. O-O Rxe3 18. Rad1 Nd5 19. Bd4 Re6 20. Qc5
Nb6 21. Qc2 Nd5 22. Qa4 Qa6 23. Qb3+ Nb6 24. Bxb6 Rxb6 25. Qc3 Rxd1 26. Rxd1
Rc6 27. Qb3+ Qb6+ 28. Qxb6+ cxb6 1/2-1/2

[Event "4NCL/Div2/WES1 vs. PPA1"]
[Site "West Bromwich ENG"]
[Date "2004.05.01"]
[Round "7.7"]
[White "Hopkins, Jamie R"]
[Black "Rosen, Daniel B"]
[Result "1-0"]
[WhiteElo "2136"]
[BlackElo "2145"]
[PlyCount "29"]
[EventDate "2004.05.01"]

1. c4 e5 2. g3 Nc6 3. Bg2 f5 4. Nc3 Nf6 5. d3 Bb4 6. Bd2 O-O 7. e3 Bxc3 8. Bxc3
f4 9. exf4 exf4 10. gxf4 d6 11. Bf3 Be6 12. Qb3 Rb8 13. Ne2 Qd7 14. Rg1 b5 15.
f5 1-0

[Event "4NCL/Div2/GUI2 vs. PYO"]
[Site "West Bromwich ENG"]
[Date "2004.05.01"]
[Round "7.1"]
[White "Gormally, Daniel W"]
[Black "Rendle, Thomas E"]
[Result "1-0"]
[WhiteElo "2471"]
[BlackElo "2283"]
[PlyCount "121"]
[EventDate "2004.05.01"]

1. d4 f5 2. Bg5 g6 3. Nd2 Bg7 4. e3 Nh6 5. Bxh6 Bxh6 6. h4 Bg7 7. h5 d6 8. c3
e5 9. dxe5 dxe5 10. e4 Qf6 11. hxg6 hxg6 12. Rxh8+ Bxh8 13. exf5 Bxf5 14. Qb3
Nd7 15. Qxb7 Rb8 16. Qxc7 Rxb2 17. Nc4 Rc2 18. Ne3 Rb2 19. Rd1 Be6 20. Nf3 e4
21. Qc8+ Qd8 22. Qxd8+ Kxd8 23. Nd4 Bxa2 24. Bc4 Ne5 25. Nc6+ Kc7 26. Nxe5 Bxe5
27. Nd5+ Kb7 28. Bxa2 Rxa2 29. Rb1+ Kc8 30. Rb4 Rc2 31. Kf1 Kd8 32. Rxe4 Bxc3
33. Rg4 Be5 34. Rxg6 a5 35. Re6 Ba1 36. Ne3 Ra2 37. g4 a4 38. g5 a3 39. Ra6 Ke8
40. Nf5 Kd7 41. g6 Kc7 42. Ra4 Bf6 43. Ne3 Bh8 44. Nc4 Ra1+ 45. Kg2 a2 46. Ne3
Kd6 47. Nc2 Rc1 48. Rxa2 Ke6 49. Ne3 Kf6 50. Ra6+ Kg5 51. Nd5 Rc2 52. Kg3 Rc1
53. f4+ Kh5 54. Kf3 Rg1 55. Ne7 Rf1+ 56. Kg3 Rg1+ 57. Kf2 Bd4+ 58. Kf3 Bc3 59.
Ra2 Rf1+ 60. Ke4 Rh1 61. Rg2 1-0